|
|
|
|
| LEADER |
01499nam a2200241 a 4500 |
| 008 |
090908s2005 bg a b 001 0 eng d |
| 020 |
|
|
|a 9843219767
|
| 082 |
0 |
0 |
|a 001.4/222
|2 22
|
| 100 |
1 |
|
|a Islam, M.Nurul.
|
| 245 |
1 |
0 |
|a An introduction to sampling methods :
|b theory and applications /
|c M. Nurul Islam.
|
| 250 |
|
|
|a Rev. ed.
|
| 260 |
|
|
|a Dhaka :
|b Book World,
|c 2005.
|
| 300 |
|
|
|a xv, 494 p. :
|b ill. ;
|c 22 cm.
|
| 504 |
|
|
|a Includes bibliographical references and index.
|
| 541 |
1 |
|
|e 00019156
|
| 650 |
|
0 |
|a Sampling (Statistics)
|
| 852 |
4 |
|
|a Ayesha Abed Library
|j General shelf
|
| 999 |
|
|
|c 3874
|d 3874
|
| 952 |
|
|
|0 0
|1 0
|2 ddc
|4 0
|6 001_422200000000000_ISL_2007
|7 0
|9 3525
|a BRACUL
|b BRACUL
|c GEN
|d 2009-09-13
|g 175.00
|l 5
|m 34
|o 001.4222 ISL
|p 3010019156
|r 2026-05-19
|s 2026-04-20
|t 1
|v 350.00
|w 2009-09-13
|y BK
|
| 952 |
|
|
|0 0
|1 0
|2 ddc
|4 0
|6 001_422200000000000_ISL_2007
|7 0
|9 11851
|a BRACUL
|b BRACUL
|c GEN
|d 2010-09-19
|l 1
|m 18
|o 001.4222 ISL
|p 3010019153
|r 2017-09-14
|s 2017-05-15
|t 2
|w 2010-09-19
|y BK
|
| 952 |
|
|
|0 0
|1 0
|2 ddc
|4 0
|6 001_422200000000000_ISL_2007
|7 0
|9 11852
|a BRACUL
|b BRACUL
|c GEN
|d 2010-09-19
|l 2
|m 9
|o 001.4222 ISL
|p 3010019152
|q 2026-07-07
|r 2024-07-16
|s 2024-07-16
|t 3
|w 2010-09-19
|y BK
|
| 952 |
|
|
|0 0
|1 0
|2 ddc
|4 0
|6 001_422200000000000_ISL_2007
|7 0
|9 11853
|a BRACUL
|b BRACUL
|c GEN
|d 2010-09-19
|l 1
|m 2
|o 001.4222 ISL
|p 3010019155
|r 2013-04-29
|s 2013-04-13
|t 4
|w 2010-09-19
|y BK
|
| 952 |
|
|
|0 0
|1 0
|2 ddc
|4 0
|6 001_422200000000000_ISL_2007
|7 0
|9 11854
|a BRACUL
|b BRACUL
|c GEN
|d 2010-09-19
|l 6
|m 21
|o 001.4222 ISL
|p 3010019154
|r 2017-09-25
|s 2017-09-19
|t 5
|w 2010-09-19
|y BK
|